000 00475pab a2200169 454500
008 180718b2007 xxu||||| |||| 00| 0 eng d
100 _aBhalla, Sheila
245 _aCommon issues and common concerns in the SAARC region: employment generation and poverty reduction
260 _c2007
300 _ap.231-44,
362 _aApr-Jun
650 _aPoverty
650 _aEmployment creation
773 _aIndian Journal of Labour Economics
908 _aN
909 _a77022
999 _c77022
_d77022